000 00462nam a2200181Ia 4500
003 0STCL
008 150530s9999 xx 000 0 und d
040 _aSTCL
_cSTCL
100 _aKotler, P.; Keller, K.L.; Koshy, A.
245 _aMarketing Management : A South Perspective
250 _a12
260 _bPearson Education; Singapore
_c2007
_aSingapore
300 _a0
546 _aEnglish
942 _2ddc
_cBK
999 _c43257
_d43257
005 20220125170608.0